| 000 | 03249nam a22003377a 4500 | ||
|---|---|---|---|
| 001 | TIC 0026 | ||
| 003 | gtcocun | ||
| 005 | 20250922192334.0 | ||
| 006 | a||||gr|||| 00| 0 | ||
| 007 | ta | ||
| 008 | 250922b2023 gt ||||| m||| 00| 0 eng d | ||
| 040 |
_agtcocun _bSPA _cgtcocun _eRDA |
||
| 041 | _aSPA TIC 0026 | ||
| 084 | _0TIC 0026 | ||
| 100 |
_aGuzmán Ralios, Erick Gregorio _eAutor |
||
| 245 |
_aINFORME FIANAL DEL EJERCICIO PROFESIONAL SUPERVISADO, DISEÑO DE CARRETERA RURAL YY PUENTE, COMUNIDAD EL NAZARENO, IXCÁN, QUICHÉ Y DISEÑO DE SISTEMA DE ALCATARILLADO SANITARIO, ZONA 4, IXCÁN PLAYA GRANDE, QUICHÉ./ _cErick Gregorio Guzmán Ralios. _hImpreso |
||
| 264 |
_aCobán, Alta Verapaz: _bUniversidad de San Carlos de Guatemala, Centro Universitario del Norte, Ingeniería Civil _c2023 |
||
| 300 |
_a163 p.: _bIlustraciones, gráficas. _c28 cm; |
||
| 300 | _cPDF | ||
| 336 |
_2rdacontenido _aTexto _btxt |
||
| 337 |
_2rdamedio _aComputadora _bn |
||
| 338 |
_2rdasoporte _aCódigo en línea _bcr |
||
| 502 | _eTIC 0026 | ||
| 502 |
_aTesis de grado _bIngeniería Civil, _cUniversidad de San Carlos de Guatemala, Centro Universitario del Norte, Ingeniería Civil _d2023 _oTIC 0026 |
||
| 520 | 1 | 4 | _aEl municipio dista de la ciudad capital 374 Km vía Cobán Chisec, de los cuales 366 km son asfaltados y 8 son de terracería, tramo que se pone en malas condiciones por el clima lluvioso. Cabe mencionar que existe una ruta alterna que tiene 350km de la ciudad capital hacia la cabecera municipal de Ixcán, vía Cobán- Cubilhuitz, aldea Salacuin, de los cuales 272 km las carreteras están asfaltadas y 78 km son de terracería. Actualmente existen diversas necesidades que afectan a la población guatemalteca, tanto en sus necesidades básicas como en los servicios básicos, Ixcán, Quiché no es la excepción, hay muchas necesidades en servicios que deben de ser atendidas, y de esta manera dar solución a los problemas. La comunidad el nazareno al no contar con una vía de acceso se vean afectados por diferentes dificultades, principalmente la dificultad es el transitar por sus veredas y poder llevar sus productos agrícolas a la venta, lo que hace que el diseño de una carretera de una solución a sus necesidades. La gestión inadecuada de las aguas residuales peligrosas, patógenos y domiciliares, son un problema que se debe de tratar en todo el municipio, ya que esta situación viene empeorando la contaminación del aire, suelos y aguas a nivel municipal. La zona cuatro se encuentra a pocos kilómetros del casco urbano, se tiene como necesidad prioritaria el diseño del sistema de alcantarillado sanitario, para que los habitantes puedan tener una mejor calidad de vida; ya que al no poseer un adecuado manejo de las aguas residuales se corre el peligro que enfermedades afecten drásticamente la salud en general. |
| 650 | 1 | 4 |
_2LEMB _aIxcán, Playa Grande, Quiché. _xIngeniería _xInadecuada _xDificultad _xAcceso _xTransito _xCalidad |
| 700 |
_aIng. Civil Marlon Alexander Moran Castro _eAsesor |
||
| 856 |
_uhttps://drive.google.com/file/d/1GK-EvetjBNVpN6tN2I1xG9DgkdeQuneb/view _yPDF _zUn ejemplar en línea. |
||
| 942 |
_2ddc _cTES _iTIC 0026 _kClasificación _n0 _6TIC_0026_000000000000000 |
||
| 999 |
_c2063 _d2063 |
||